000 nam a22 c 4500
999 _c49718
_d49718
003 BLK
005 20230410124649.0
008 180408b bul|||||r ||||||| ||bul||
010 _aKNG00053574000
040 _aBLK
041 _aBUL
_cBUL
080 _aФренска литература
_b821.133.1
_x-31
_z821.133.1-31
100 1 _aГамара, Пиер
_eпърви автор
_950846
139 _aГамара, Пиер
_bГ 18
245 1 0 _aРозали Брус
_bРоман
_cПиер Гамара; прев. от фр. Ерма Албертова Гечева.
250 _a2. изд.
257 _aFRA
260 _aСофия
_bБЗНС
_c1985
300 _a168 с.
_c20 см
380 _aX
500 _aОриг. загл. Rosalie Brousse / Pierre Gamarra. - 1. изд. 1956. - 10 000 тир.
700 1 _aГечева, Ерма Албертова
_eпрев. от фр.
_9367512
852 _aЦб 135452
856 4 _qpdf
_i0.00
_ldisable
856 4 _qpdf
_i0.00
_ldisable
942 _cKNG
_n0
_s1
944 _aCR
_c13.09.2016
_kКети_Илиева
944 _aED
_c13.09.2016
_kКети_Илиева
999 _d49718